LEADER 01124nam a2200265 i 4500 001 000000231103 003 CaOOAMICUS 005 20181018155553.0 008 140709s1965 it u000 u ita u 013 $a210006 040 $aSeMil$bita 100 1 $aRolla, Armando.$0(OLS)http://semarc/name/38428 245 13$aLa Bibbia di fronte alle ultime scoperte /$cDi Armando Rolla. 250 $a5. Edizione. 260 $a[S.l.] :$bEdizioni Paoline,$cstampa 1965. 300 $a334 p. :$bill. ;$c21 cm. 490 0 $aBiblica [Paoline] ;$v18 500 $aContiene : Appendici ; Note bibliografiche ; Indice biblico. - Sul dorso n. 8, invece indicazione in preliminari n. 18 della collana. 650 4$aArcheologia biblica.$0(OLS)http://semarc/subject/4684 830 0$aBiblica ;$v18.$0(OLS)http://semarc/title/6074 850 $aSeMil 852 $aSeMil$W1$xVenegono$y1$m2Z II 67$j181449$B181449$CSeMilBibl$Z2$F192282 $81 996 $6245$aLa Bibbia di fronte alle ultime scoperte$9(OLS)http://semarc/title/330071 996 $6260$a[S.l.] :$bEdizioni Paoline$9(OLS)http://semarc/publisher/36818 LEADER 01193nam a2200217 i 4500 001 000000007994 003 CaOOAMICUS 005 20180830125439.0 008 180830n it u000 u ita u 040 $aSeMil$bita 245 10$aConvegno internazionale Globalizzazione e Umanesimo Latino =$bGlobalization and Latin Humanism, New York 1-3 maggio 2000 /$cFondazione Cassamarca, Latini nel Mondo. 246 01$aGlobalization and Latin Humanism, New York 1-3 maggio 2000 260 $aTreviso :$bFondazione Cassamarca 650 4$aGlobalizzazione.$0(OLS)http://semarc/subject/1284 774 0 $tVolume 1.$gVolume1$w()110247 774 0 $tVolume 2.$gVolume2$w()110249 774 0 $tDocumenti Continentali.$dTreviso : Fondazione Cassamarca, stampa.$w()110297 774 0 $tBibliografia.$dTreviso : Fondazione Cassamarca, 2000.$w()110300 996 $6245$aConvegno internazionale Globalizzazione e Umanesimo Latino =$bGlobalization and Latin Humanism, New York 1-3 maggio 2000$9(OLS)http://semarc/title/10642 996 $6246$aGlobalization and Latin Humanism, New York 1-3 maggio 2000$9(OLS)http://semarc/title/10643 996 $6260$aTreviso :$bFondazione Cassamarca$9(OLS)http://semarc/publisher/32174